Membres du club des 27 - Statistiques

Statistiques générales
  • Ce quiz a été pris 38 fois
  • Le résultat moyen est 2 sur 7
Statistiques - réponses
Hint Réponse % Correct
2011 Amy Winehouse
83%
1971 Jim Morrison
41%
1970 Janis Joplin
38%
1970 Jimi Hendrix
24%
1938 Robert Johnson
24%
1969 Brian Jones
10%
1994 Kurt Kobain
10%
Aucun quiz correspondant
Distribution des résultats
% des personnes avec chaque résultat
Percentile par nombre de réponses
Votre historique - résultats
Vous n’avez pas pris ce quiz